00393nam a2200133Ia 4500003000400000008004100004020002600045040000800071100002100079245008800100260004500188300001500233365001100248LDD181029s9999 xx 000 0 und d a9780198068457c850.00 cLDD aChand, Vikram K. 0aPublic service delivery in Indiabunderstanding the reform processcVikram K. Chand aNew DelhibOxford University Pressc2010 axiii,389p. b850.00